| Поле | Инд. | ПП | Название | Значение |
|---|---|---|---|---|
| Тип записи | a | |||
| Библиографический уровень | b | |||
| 001 | Контрольный номер | RU/IS/BASE/143657353 | ||
| 005 | Дата корректировки | 20200522190741.2 | ||
| 084 | a | Индекс другой классификации/Индекс ББК | 60.55-42; 60.561.26; 60.831; 65.291.3 | |
| 100 | 1_ | a | Автор | Косс Н. Г. |
| 245 | a | Заглавие | Социальная сущность самоорганизующейся, саморазвивающейся сети (многоуровневого маркетинга) | |
| 504 | a | Библиография | Библиогр. ссылки | |
| 650 | a | Основная рубрика | маркетинг | |
| a | Основная рубрика | социальное управление | ||
| a | Основная рубрика | социология | ||
| a | Основная рубрика | социология организаций | ||
| a | Основная рубрика | экономика | ||
| a | Основная рубрика | экономика предприятия | ||
| a | Основная рубрика | экономическая социология | ||
| 653 | a | Ключевые слова | децентрализованные типы коммуникации | |
| a | Ключевые слова | дистрибьюторы | ||
| a | Ключевые слова | иерархические сети | ||
| a | Ключевые слова | коммуникационные сети | ||
| a | Ключевые слова | малые социальные общности | ||
| a | Ключевые слова | маркетинг-планы | ||
| a | Ключевые слова | многоуровневый сетевой маркетинг | ||
| a | Ключевые слова | объем продаж | ||
| a | Ключевые слова | организации | ||
| a | Ключевые слова | организационные отношения | ||
| a | Ключевые слова | организация сети | ||
| a | Ключевые слова | продвижение товара | ||
| a | Ключевые слова | работник | ||
| a | Ключевые слова | сетевая организация | ||
| a | Ключевые слова | сетевая продажа | ||
| a | Ключевые слова | сетевая структура | ||
| a | Ключевые слова | сетевое взаимодействие | ||
| a | Ключевые слова | сетевой маркетинг | ||
| a | Ключевые слова | сетевые организации | ||
| a | Ключевые слова | сетевые отношения | ||
| a | Ключевые слова | социальные общности | ||
| a | Ключевые слова | социология торговли | ||
| a | Ключевые слова | типы коммуникаций | ||
| a | Ключевые слова | управление организацией | ||
| a | Ключевые слова | управленческие кадры | ||
| a | Ключевые слова | формы сетевых структур | ||
| a | Ключевые слова | централизованные типы коммуникации | ||
| 773 | t | Заглавие источника | Вестник Московского университета. Серия 18, Социология и политология | |
| d | Дата издания источника | 2002 | ||
| g | Прочая информация | № 3. - С. 128 - 146 : рис. | ||
| w | Контрольный № источника | RU/IS/BASE/148577983 | ||
| 901 | t | Тип документа | b |